Automatic Control Systems, 5e (Record no. 289230)

000 -LEADER
fixed length control field 00316 a2200133 4500
001 - CONTROL NUMBER
control field 54157
082 ## - DEWEY DECIMAL CLASSIFICATION NUMBER
Classification number 629.8222SAF
090 ## - LOCALLY ASSIGNED LC-TYPE CALL NUMBER (OCLC); LOCAL CALL NUMBER (RLIN)
-- 33772
-- 33772
100 ## - MAIN ENTRY--PERSONAL NAME
Personal name Saeed,Hasan.S
245 ## - TITLE STATEMENT
Title Automatic Control Systems, 5e
250 ## - EDITION STATEMENT
Edition statement 5 revised ed
260 ## - PUBLICATION, DISTRIBUTION, ETC.
Place of publication, distribution, etc. New Delhi
Name of publisher, distributor, etc. S.K Kataria & Sons
Date of publication, distribution, etc. 2007
300 ## - PHYSICAL DESCRIPTION
Extent 659
942 ## - ADDED ENTRY ELEMENTS (KOHA)
Institution code [OBSOLETE] NUST-CAE
Call number prefix 629.8222SAF
Holdings
Withdrawn status Lost status Damaged status Not for loan Collection code Permanent Location Current Location Date acquired Total Checkouts Full call number Barcode Date last seen Price effective from Koha item type
          College of Aeronautical Engineering (CAE) College of Aeronautical Engineering (CAE) 04/03/2017   629.8222SAF CAEN-4206 04/05/2017 04/05/2017 Book
© 2023 Central Library, National University of Sciences and Technology. All Rights Reserved.